000 00325nam a22001457a 4500
008 230718b ||||| |||| 00| 0 eng d
020 _a9780534643713
041 _aeng
080 _a311
082 _a311JAC
100 _a24
101 _aSTSC
245 _aSTATISTICS PLAIN AND SIMPLE
_cJACKSON .L .SH
942 _2udc
_cBK
999 _c60153
_d60153